000 00775nam a2200241Ia 4500
003 OSt
005 20220923220842.0
006 a|||||r|||| 00| 0
007 ta
008 220922b |||||||| |||| 00| 0 hin d
024 _a191,341
037 _cTextual
040 _aARTS
_cARTS
_bhin
041 _2hin
_ahin
082 _aV1N4:3, 152G6
100 _aयादवेन्दु, रामनारायण
245 0 _aराष्ट्र-संघ और विश्व-शान्ति
246 _aRāṣhṭra-sangha aur vishva-shānti
260 _c1936
490 _aमानसरोवर कमल; 3
942 _hV1N4:3, 152G6
_cTEXL
_2CC
999 _c344048
_d344048